00466nam a2200133Ia 4500008004100000020001800041082002000059245002800079260002100107300001000128650008000138952009700218999001700315120629s9999 xx 000 0 und d a970-9096-66-4 a347.95026 L514l aLegislación de amparo aMéxico : Sista a105 p a1. AMPARO-LEYES Y LEGISLACION-MEXICO \ 2. MEXICO-DERECHO CONSTITUCIONALÌ 00104070a15b15d2006-07-19l0o347.95026 L514Lp15 000556r2017-12-07t1w2012-06-28yLB c75049d75049